|
|
|
|
| LEADER |
00000nam a2200000 a 4500 |
| 001 |
vtls001367808 |
| 003 |
SK-MaSNL |
| 005 |
20260302034137.0 |
| 008 |
251113s1999 xo a r y 0 slo |
| 015 |
|
|
|a SNBA1999/10-03665
|
| 020 |
|
|
|a 8085549107
|
| 035 |
|
|
|a SNK000321498
|
| 040 |
|
|
|a SNK
|b slo
|c SNK
|e AACR2
|
| 041 |
0 |
|
|a slo
|
| 044 |
|
|
|a xo
|c SK
|
| 080 |
|
|
|a 159.923
|2 1981
|
| 100 |
1 |
|
|a Badinter, Elisabeth,
|d 1944-
|4 aut
|9 40784
|
| 240 |
1 |
0 |
|a XY. L'identite masculine
|l Slovensky
|
| 245 |
1 |
|
|a XY. Identita muža
|c Elisabeth Badinter ; [z francúzskeho originálu preložil Ladislav Lapšanský]
|
| 260 |
|
|
|a Bratislava
|b Aspekt
|c 1999
|
| 300 |
|
|
|a 211 s.
|c 20 cm
|
| 490 |
1 |
|
|a Knižná edícia feministického kultúrneho časopisu Aspekt
|
| 500 |
|
|
|a Ilustr. na tit. strane
|
| 500 |
|
|
|a Údaj o prekl. prevzatý z rubu tit. strany
|
| 504 |
|
|
|a Bibliogr. s. 196-211. Pozn.
|
| 650 |
0 |
7 |
|a muži
|x identita
|x štúdie psychologicko-sociologické
|2 SNK
|9 685334
|
| 655 |
|
7 |
|a príručky
|2 SNK
|9 74364
|
| 700 |
1 |
|
|a Lapšanský, Ladislav,
|d 1946-2021
|4 trl
|9 215259
|
| 730 |
|
|
|t XY. L'identite masculine
|9 685335
|
| 830 |
|
0 |
|a Knižná edícia feministického kultúrneho časopisu ASPEKT
|9 291196
|
| 919 |
|
|
|a 80-85549-10-7
|
| 958 |
|
|
|a TL
|
| 958 |
|
|
|a OP
|
| 958 |
|
|
|a NS
|
| 958 |
|
|
|a FR
|
| 958 |
|
|
|a NB
|
| 968 |
|
|
|b FR
|
| 999 |
|
|
|c 1064921
|d 1066851
|
| 952 |
|
|
|t P60, <03>, [BOOK], {603}
|a SNK
|b SNK
|y PREZ
|7 0
|p 17A0200876
|o snkSD 70239
|i snkKSP 7771/99
|0 0
|1 0
|4 0
|d 1999-07-19
|l 0
|r 2005-01-02 00:00:00
|w 2026-02-24
|
| 952 |
|
|
|a SNK
|b SNK
|y VYP
|7 0
|p 17A7632821
|o snkSD 70239 D1
|i snkKSP 7772/99
|0 0
|1 0
|4 0
|d 1999-07-19
|l 0
|r 2005-01-02 00:00:00
|w 2026-02-24
|